000 00653nam a2200205Ii 4500
003 JO-AjNU
008 230605s9999||||xx |||||||||||||| ||und||
017 _a1986/642
040 _aJO-AjNU
_bara
_erda
_cJO-AjNU
041 _aara
050 1 4 _aPJ7814.Z27.Z21 1986
100 3 _aتأليف جاسم،عزيز السيد,
_eauthor
_916251
245 0 0 _aالزهر الشقي: رواية
264 3 1 _aبغداد:مكتبة اليقظة العربية،1986
300 _a296ص
336 _atext
_btxt
_2rdacontent
337 _aunmediated
_bn
_2rdamedia
338 _avolume
_bnc
_2rdacarrier
650 4 _aالأدب العربي - روايات
_916252
999 _aA4774
_c8342
_d8342